Экономики АТЭС: потенциал банковского сектора в финансовой стабильности и интеграции: монография

Detalhes bibliográficos
Autor principal: Рудько-Силиванов В. В.
Corporate Authors: Российская академия наук (РАН) Дальневосточное отделение (ДВО) Центр финансовых исследований, Российская академия естественных наук (РАЕН)
Outros Autores: Зубрилова Н. В. (редактор), Сенчагов В. К.
Resumo:Рассматриваются вопросы финансового сотрудничества в рамках форума АТЭС. Исследуются тенденции развития и особенности банковских систем региона. Анализируются структура, принципы построения и функционирования банковской системы экономик АТЭС. Особое внимание уделено проводимой центральными банками монетарной политике и их роли в обеспечении финансовой стабильности. Для ученых, практических работников, преподавателей, аспирантов и студентов высших учебных заведений экономического профиля, занимающихся вопросами финансов и банковского дела, в том числе международного.
Idioma:russo
Publicado em: Москва, РИОР, 2012
Colecção:Научная мысль
Assuntos:
Formato: Livro
KOHA link:https://koha.lib.tpu.ru/cgi-bin/koha/opac-detail.pl?biblionumber=230870

MARC

LEADER 00000nam0a2200000 4500
001 230870
005 20231101231032.0
010 |a 9785369011249 
010 |a 978-5-16-006322-5 
035 |a (RuTPU)RU\TPU\book\251859 
090 |a 230870 
100 |a 20130125d2012 k y0rusy50 ca 
101 0 |a rus 
102 |a RU 
105 |a a z 001zy 
200 1 |a Экономики АТЭС: потенциал банковского сектора в финансовой стабильности и интеграции  |e монография  |f В. В. Рудько-Силиванов, Н. В. Зубрилова  |g Российская академия наук (РАН), Дальневосточное отделение (ДВО), Центр финансовых исследований ; Российская академия естественных наук (РАЕН) ; под ред. В. К. Сенчагова 
210 |a Москва  |c РИОР  |c Инфра-М  |d 2012 
215 |a 556 с.  |c ил. 
225 1 |a Научная мысль 
320 |a Библиогр.: с. 546-550. 
330 |a Рассматриваются вопросы финансового сотрудничества в рамках форума АТЭС. Исследуются тенденции развития и особенности банковских систем региона. Анализируются структура, принципы построения и функционирования банковской системы экономик АТЭС. Особое внимание уделено проводимой центральными банками монетарной политике и их роли в обеспечении финансовой стабильности. Для ученых, практических работников, преподавателей, аспирантов и студентов высших учебных заведений экономического профиля, занимающихся вопросами финансов и банковского дела, в том числе международного. 
606 1 |a Международные финансы  |2 stltpush  |3 (RuTPU)RU\TPU\subj\69897  |9 84558 
610 1 |a финансы 
610 1 |a банковские системы 
610 1 |a Азиатско-тихоокеанский регион 
610 1 |a Азиатско-Тихоокеанское экономическое сотрудничество 
610 1 |a АТЭС 
610 1 |a центральные банки 
610 1 |a Северо-Восточная Азия 
610 1 |a Российская Федерация 
610 1 |a Япония 
610 1 |a Китай 
610 1 |a Гонконг 
610 1 |a Корея 
610 1 |a Китайский Тайбэй 
610 1 |a Сингапур 
610 1 |a Индонезия 
610 1 |a Филиппины 
610 1 |a Малайзия 
610 1 |a Тайланд 
610 1 |a Вьетнам 
610 1 |a Бруней-Даруссалам 
610 1 |a Австралия 
610 1 |a Новая Зеландия 
610 1 |a Океания 
610 1 |a Новая Гвинея 
610 1 |a США 
610 1 |a Канада 
610 1 |a Чили 
610 1 |a Перу 
610 1 |a Мексика 
610 1 |a монографии 
686 |a У526  |v LBC/SL-A  |2 rubbk 
700 1 |a Рудько-Силиванов  |b В. В. 
701 1 |a Зубрилова  |b Н. В. 
702 1 |a Сенчагов  |b В. К.  |4 340 
712 0 2 |a Российская академия наук (РАН)  |b Дальневосточное отделение (ДВО)  |b Центр финансовых исследований  |c (Владивосток)  |2 stltpush  |3 (RuTPU)RU\TPU\col\4387 
712 0 2 |a Российская академия естественных наук (РАЕН)  |2 stltpush  |3 (RuTPU)RU\TPU\col\138 
801 1 |a RU  |b 63413507  |c 20130125 
801 2 |a RU  |b 63413507  |c 20130322  |g RCR 
942 |c BK 
959 |a 10/20130125  |d 1  |e 499,90  |f ЧЗГЛ:1